[Event "ISR-chT 2020"]
[Site "Israel"]
[Date "2020.02.07"]
[Round "5.32"]
[White "Rechlis, Gad"]
[Black "Nabaty, Tamir"]
[Result "1/2-1/2"]
[WhiteElo "2498"]
[BlackElo "2644"]
[Annotator "TA"]
[PlyCount "49"]
[EventDate "2020.01.10"]
[EventType "team-tourn"]
[EventCountry "ISR"]
[SourceTitle "playchess.com"]
[Source "ChessBase"]
[SourceQuality "1"]

{[%evp 16,49,0,0,0,0,-4,0,0,3,15,22,27,10,25,0,0,-2,27,12,59,52,36,0,0,0,0,0,0,0,0,0,2,0,19,11]} 1. Nf3 d5 2. g3 g6 3. Bg2 Bg7 4. O-O e5 5. d3 Ne7 6. e4 O-O 7. exd5 Nxd5 8. Re1 Nc6 9. Nc3 Nxc3 {A07: Réti Opening: New York and Capablanca Systems.} 10. bxc3 Rb8 {[#]} 11. Nd2 $146 ({Predecessor:} 11. Rb1 b6 12. Bg5 f6 13. Be3 Be6 14. c4 Qd7 15. Qc1 Rbd8 16. Qa3 e4 17. dxe4 Bxc4 {1-0 (37) Bu,X (2722)-Gelfand,B (2719) Hengshui 2019}) 11... Qd7 12. Qf3 Nd8 13. d4 Nc6 14. Ba3 Re8 15. Qe3 b6 16. f4 {[%cal Rf4e5]} f6 17. Rad1 {[#] Hoping for dxe5.} Bb7 {[%cal Re5d4]} 18. dxe5 fxe5 19. Nf3 exf4 {The position is equal.} 20. Qxf4 Rxe1+ 21. Rxe1 {[#] Strongly threatening Ng5.} Bf8 22. Qc4+ Kh8 23. Bxf8 Rxf8 24. Nd4 {[%cal Rg2c6]} Na5 25. Qb5 {Accuracy: White = 85%, Black = 93%.} 1/2-1/2

[Event "ISR-chT 2020"]
[Site "Israel"]
[Date "2020.02.07"]
[Round "5.33"]
[White "Givon, Asaf"]
[Black "Manor, Ilan"]
[Result "1/2-1/2"]
[WhiteElo "2474"]
[BlackElo "2457"]
[Annotator "TA"]
[PlyCount "100"]
[EventDate "2020.01.10"]
[EventType "team-tourn"]
[EventCountry "ISR"]
[SourceTitle "playchess.com"]
[Source "ChessBase"]
[SourceQuality "1"]

{[%evp 9,100,12,41,18,16,-1,60,8,16,-6,0,-17,-16,-38,0,-7,-8,-14,0,0,17,0,20,44,72,67,66,-23,-35,-58,-23,-50,0,0,0,0,34,30,25,0,0,0,72,66,114,71,104,76,164,109,114,113,144,65,69,61,51,56,66,45,54,25,25,25,25,25,22,22,25,4,17,17,17,17,17,11,17,17,17,17,17,17,17,0,0,0,0,0,0,0,0,3,27]} 1. e4 c5 2. Nf3 e6 3. d4 cxd4 4. Nxd4 Nc6 5. Nc3 Qc7 6. g4 {B47: Sicilian: Taimanov: 5 Nc3 Qc7 6 f4, 6 g3 and 6 Be2.} a6 7. h4 {[#]} Bc5 $146 (7... Nxd4 $11 8. Qxd4 b5) ({Predecessor:} 7... b5 8. Nxc6 dxc6 9. Qf3 e5 10. g5 Be6 11. Bh3 Bxh3 12. Rxh3 Bc5 13. Bd2 O-O-O {1-0 (25) Carlsen,M (2837)-Kasimdzhanov,R (2683) Riadh 2017}) 8. Nxc6 (8. Be3 $14) 8... bxc6 $11 9. Bd3 (9. Bd2 {with more complications.} d5 10. Qf3 Rb8 11. O-O-O Bd6 12. b3) 9... d5 10. Qe2 Ne7 11. h5 h6 12. Bd2 Bd4 13. Na4 c5 14. c3 Bf6 15. f4 c4 16. Bc2 {[#] Threatens to win with e5.} d4 17. cxd4 Bxd4 18. e5 (18. O-O-O $14) 18... Rb8 19. Rh3 Bd7 20. Rd1 Nd5 21. Bc1 $1 Qa7 22. Nc3 Bxc3+ 23. bxc3 Qg1+ 24. Kd2 Qc5 25. Ke1 Qa5 (25... Qg1+ $1 $11 {keeps the balance.} 26. Qf1 (26. Kd2 Qb6 $11) 26... Qc5) 26. f5 $16 ({Don't play} 26. Qxc4 Rc8 $11) 26... Qc5 ({Not} 26... Nxc3 $2 27. Qd2 $18) 27. Qf2 Qxf2+ 28. Kxf2 Bc6 (28... Rb5 $16 {is a better defense.}) 29. Rd4 (29. fxe6 $18 fxe6 30. Bg6+ Kd7 31. Ba3) 29... O-O 30. Rxc4 Bb5 {[#]} 31. Rc5 (31. Rd4 $1 $16) 31... Rfc8 $14 32. Rxc8+ Rxc8 33. Bd2 Nb4 34. Bb1 Rd8 35. Ke1 (35. Bxh6 {seems wilder.} Rd1 36. Be4 exf5 37. gxf5 Nd3+ 38. Bxd3 Rxd3 39. Be3) 35... Nd3+ 36. Bxd3 $1 Bxd3 $11 {[%mdl 4096] Endgame KRB-KRB} 37. f6 Bc4 38. a3 Rd5 39. Re3 Bd3 {The position is equal.} 40. fxg7 Kxg7 41. Kf2 Bc4 42. Bc1 Rd1 43. Re1 Rd3 44. g5 hxg5 45. Bxg5 Rxc3 46. Rg1 {Strongly threatening Bd2+.} Rc2+ 47. Kg3 Bd5 48. Bf4 Kh7 49. Kh4 Rf2 50. Kg5 Rg2+ {Accuracy: White = 78%, Black = 72%.} 1/2-1/2

[Event "ISR-chT 2020"]
[Site "Israel"]
[Date "2020.02.07"]
[Round "5.34"]
[White "Bitensky, Igor"]
[Black "Erenberg, Ariel"]
[Result "1/2-1/2"]
[WhiteElo "2377"]
[BlackElo "2484"]
[Annotator "TA"]
[PlyCount "140"]
[EventDate "2020.01.10"]
[EventType "team-tourn"]
[EventCountry "ISR"]
[SourceTitle "playchess.com"]
[Source "ChessBase"]
[SourceQuality "1"]

{[%evp 9,140,0,10,-10,-3,-5,-10,-7,-8,-14,16,3,24,20,24,17,7,-8,12,-2,19,0,0,0,0,0,0,0,31,35,29,20,38,29,38,31,49,33,49,40,62,57,62,62,63,65,101,102,159,159,154,164,163,163,235,228,216,134,141,120,131,126,139,55,71,55,55,55,59,60,54,0,0,0,0,0,0,4,112,112,112,22,112,0,0,0,0,0,0,0,16,16,16,16,25,25,44,47,52,52,81,0,0,0,103,0,0,0,0,0,0,0,0,0,0,0,0,0,0,0,0,0,0,0,0,0,0,0,0,0,0,0,0]} 1. Nf3 d5 2. g3 Nd7 3. Bg2 e5 4. O-O Bd6 5. d3 Ne7 6. c4 {A07: Réti Opening: New York and Capablanca Systems} c6 7. Nc3 O-O 8. cxd5 cxd5 {[#]} 9. Nh4 $146 ({Predecessor:} 9. Bg5 f6 10. Bd2 Kh8 11. Ne1 Nb6 12. a4 d4 13. Ne4 f5 14. Nxd6 Qxd6 15. a5 {1-0 (26) Mitter,G (2194)-Suppan,H (2067) Austria 2016}) 9... d4 10. Ne4 Bc7 11. e3 dxe3 12. Bxe3 Bb6 13. Qe2 Bxe3 14. Qxe3 Nd5 15. Qf3 Nf4 16. gxf4 {[#] Strongly threatening Nf5.} Qxh4 17. f5 Nf6 18. Qg3 Qxg3 (18... Qh6 {seems wilder.} 19. Qe3 Qh4 20. Qg3) 19. Nxf6+ gxf6 20. fxg3 Rd8 21. Be4 Bd7 22. Rac1 Bb5 23. Rc3 Rd7 24. Kf2 Rad8 {[%cal Rb5d3]} 25. Ke3 Kf8 26. Rfc1 Ke7 27. Rc7 Bc6 28. Rxd7+ Kxd7 {[#]} (28... Rxd7 $142 29. Bxc6 Rc7 {[%mdl 64] Pin}) 29. Bxc6+ $1 $16 bxc6 {[%mdl 4096] Endgame KR-KR} 30. Rc4 Rb8 31. b3 a5 (31... h5 $142 32. Rh4 Rh8) 32. Rh4 Ke7 33. Kd2 Rg8 34. Rxh7 Rg5 35. Ke2 Rxf5 36. h4 (36. Rh8 $16) 36... a4 $14 37. bxa4 e4 $1 38. dxe4 Ra5 39. Ke3 Rxa4 40. h5 (40. Rh5 $14) 40... Rxa2 $11 41. Rh8 Rh2 42. g4 c5 43. Rc8 c4 (43... Kd6 $11) 44. Rxc4 $16 Kf8 45. Rc5 (45. Rc1 $16) 45... Kg7 (45... Rh3+ $11 {remains equal.} 46. Kf4 Rh1) 46. Rf5 ({White should play} 46. Rc1 $16) 46... Rg2 $11 47. Kf3 Rg1 48. Rf4 Ra1 49. Kg3 Rg1+ 50. Kf2 Ra1 51. Rf3 Ra2+ 52. Kg3 Ra1 53. Kf4 Rb1 54. Rf2 Ra1 55. Kf5 (55. Re2 $16) 55... Ra5+ $1 56. Kf4 (56. e5 $11 Rxe5+ 57. Kf4) 56... Ra1 $1 $16 57. g5 ({Better is} 57. Rd2 $16) 57... fxg5+ $11 {The position is equal.} 58. Kxg5 Rg1+ 59. Kf5 Rh1 60. Kg4 Rg1+ 61. Kf5 Rh1 62. Rg2+ Kh6 63. Rg8 Rf1+ 64. Ke5 Kxh5 65. Kd6 Rd1+ 66. Ke5 Rf1 67. Rg2 Kh6 68. Rg3 Rf2 69. Kd6 Rf6+ 70. Kd5 Rg6 {Accuracy: White = 83%, Black = 87%.} 1/2-1/2

[Event "ISR-chT 2020"]
[Site "Israel"]
[Date "2020.02.07"]
[Round "5.35"]
[White "Rozentalis, Eduardas"]
[Black "Botvinnik, Mikhail"]
[Result "1-0"]
[WhiteElo "2531"]
[BlackElo "2348"]
[Annotator "TA"]
[PlyCount "41"]
[EventDate "2020.01.10"]
[EventType "team-tourn"]
[EventCountry "ISR"]
[SourceTitle "playchess.com"]
[Source "ChessBase"]
[SourceQuality "1"]

{[%evp 23,41,43,49,58,56,47,64,62,145,146,150,145,149,118,108,136,291,304,279,302]} 1. e4 c5 2. Nf3 e6 3. c3 Nf6 4. e5 Nd5 5. Bc4 d6 6. d4 cxd4 7. cxd4 Nc6 8. O-O Be7 9. exd6 Qxd6 10. Nc3 Nxc3 11. bxc3 O-O 12. Re1 b6 13. Ng5 {B22: Sicilian: 2 c3.} Bxg5 14. Bxg5 Bb7 15. Qg4 {White is slightly better.} e5 {[#]} (15... Rfe8 $14) 16. Qg3 $1 $40 {[%cal Rd4e5][%mdl 128] Black is in trouble.} Rae8 17. Rad1 {[#]} Qg6 $146 ({Predecessor:} 17... h6 18. Bc1 Qf6 19. Ba3 exd4 20. Bxf8 Rxf8 21. cxd4 Nxd4 22. Re5 Ne6 23. Rde1 Nf4 {½-½ (52) Paci,C (2389)-Guilleux,F (2382) Mulhouse 2011}) 18. d5 Na5 19. Bb5 Rc8 $2 {[#]} (19... f6 $16 {might work better.}) 20. Be7 $18 ({Weaker is} 20. Rxe5 f6 $11) 20... Qxg3 21. hxg3 {Accuracy: White = 100%, Black = 51%.} ({Much less strong is} 21. fxg3 $6 f6 $16) 1-0

[Event "ISR-chT 2020"]
[Site "Israel"]
[Date "2020.02.07"]
[Round "5.36"]
[White "Aharonovich, Itamar"]
[Black "Mindlin, Alon"]
[Result "1-0"]
[WhiteElo "2214"]
[BlackElo "2432"]
[Annotator "TA"]
[PlyCount "169"]
[EventDate "2020.01.10"]
[EventType "team-tourn"]
[EventCountry "ISR"]
[SourceTitle "playchess.com"]
[Source "ChessBase"]
[SourceQuality "1"]

{[%evp 14,169,33,33,24,29,65,61,73,-2,34,34,29,28,23,29,43,43,43,33,27,18,18,8,11,17,24,39,36,17,26,19,38,39,45,34,147,153,152,133,105,129,140,124,160,120,134,26,118,119,354,362,348,64,171,0,0,0,0,0,50,34,64,64,90,0,46,47,137,108,222,230,229,136,135,125,140,141,132,136,142,128,110,88,105,95,90,64,62,20,22,18,114,0,74,23,23,27,25,0,97,97,97,97,528,349,339,339,629,137,137,137,117,117,140,140,29976,338,422,412,2379,2377,1528,1358,1353,1329,29974,1213,787,1169,1139,987,29948,29948,29976,29948,29950,29946,29980,29948,29951,29944,29940,29939,5401,5033,29978,29979,29979,29979,29981,29982,29982,29983,29985,29986,29986,29985]} 1. d4 Nf6 2. c4 e6 3. Nf3 Bb4+ 4. Bd2 Qe7 5. g3 Nc6 6. Nc3 O-O 7. Bg2 d6 8. O-O Bxc3 {E11: Bogo-Indian.} 9. Bxc3 e5 10. d5 Nb8 {White is slightly better.} 11. c5 (11. Nd2 $16) 11... Nbd7 12. cxd6 cxd6 13. Nd2 b6 {[#]} 14. Rc1 $146 ({Predecessor:} 14. b4 Ba6 15. Re1 Rfc8 16. Bb2 e4 17. Nf1 Ne5 18. Ne3 Nc4 19. Nf5 Qd7 20. Nh6+ gxh6 21. Bxf6 {1-0 (37) Vidit,S (2673)-Arnold,M (2524) chess.com INT 2017}) 14... Ba6 15. Re1 Rfc8 16. Nf1 Nc5 17. Bh3 Rc7 18. f3 Bc8 19. Bg2 Bd7 20. b3 {[%cal Bb2b3,Bb3b4][%mdl 32]} Rac8 21. Qd2 h5 22. h4 Nh7 23. b4 Na4 {[%cal Ra4c3]} 24. Ba1 g5 (24... Nf6 $14) 25. Rxc7 $16 Rxc7 26. hxg5 Qxg5 27. f4 $1 {[%cal Rf4g5]} exf4 28. gxf4 Qg6 29. Qd4 {[%csl Ga1][%cal Rd4h8]} f6 30. Kf2 (30. Kh2 $16) 30... h4 (30... Bf5 $11 31. Ng3 Rg7 32. Nxf5 Qxg2+ 33. Ke3 Qh3+ {[%mdl 64] Double Attack} 34. Ke4 Ng5+ 35. fxg5 Qg4+ 36. Ke3 Qxf5) 31. Be4 $1 {[%cal Re4g6]} f5 $2 (31... Qh6 $16 {is a better defense.}) 32. Bd3 $18 Kf7 33. Ke3 $2 (33. e4 $18 Nf6 34. e5 dxe5 35. fxe5 {[%mdl 64] Discovered Attack} Nxd5 36. Qxd5+ Be6 37. Qf3) 33... Qf6 (33... a5 $1 $14) 34. Qxf6+ $2 (34. Kd2 $18) 34... Nxf6 $11 35. Kd4 Nh5 36. e3 Rc8 37. Nd2 Ng3 38. Nf3 Rh8 39. Kc4 (39. Rc1 $1 $16) 39... Rh5 40. Rg1 $36 {[%mdl 2048] White is pushing.} a6 ({Better is} 40... b5+ $1 $14 41. Kd4 h3) 41. Kb3 $16 b5 (41... Bb5 $16) 42. Bd4 $1 $18 Ne4 43. Bxe4 (43. Rg7+ $18 Ke8 44. Ng5) 43... fxe4 $16 44. Ng5+ {[%mdl 64] Double Attack} Kf8 45. Nxe4 {Threatens to win with Nf6.} Rxd5 46. Ng5 Bf5 47. Rh1 h3 48. Nxh3 Be4 49. Rc1 {And now Ng5 would win.} Rh5 50. Rc8+ Ke7 51. Ng5 (51. Rh8 $5 {[%cal Rh8h5]} Rxh8 52. Bxh8 $14) 51... Bd5+ 52. Kc2 $1 Kd7 (52... Rh2+ $1 $11 53. Kd3 Kd7) 53. Rf8 ({Only move:} 53. Rh8 $1 $16 {[%cal Rh8h5]} Rxh8 54. Bxh8) 53... Bxa2 (53... Rh2+ $11 54. Kd3 Rxa2) 54. Ra8 (54. Kd3 $16) 54... Rh2+ $11 55. Kd1 Bc4 56. e4 Rh4 (56... Nb2+ $11 {remains equal.} 57. Bxb2 Rxb2) 57. Ra7+ $16 ({Of course not} 57. Rxa6 $6 Rxf4 58. Kd2 Rg4 $11) 57... Kc6 58. f5 $1 d5 $2 {[%mdl 8192]} (58... Rh2 $16) 59. Rxa6+ Kb7 60. Ra7+ $1 Kc6 $2 {[#]} (60... Kb8 61. Re7 dxe4) 61. Rh7 $2 (61. Nf3 $1 $18 {[%cal Rf3e5] Threatening mate with Ne5+.} Rxe4 62. Ne5+ Rxe5 63. Bxe5) 61... Rxh7 62. Nxh7 dxe4 {[%mdl 4096] Endgame [#] KBN-KBN} 63. Kd2 $1 Bf7 64. Nf6 Bd5 $2 {[%mdl 8192]} (64... Nb6 $16) 65. Ke3 $2 (65. Nxd5 {mates} Kxd5 66. Ke3 Kc6 67. f6 Kd7 68. f7 Ke7 69. Kxe4 Kf8 70. Kd5) 65... Ba2 66. Kxe4 Bb1+ (66... Kd6 $142 67. Ke3 Kc6) 67. Ke5 $18 Bc2 68. Nd5 {f6 would kill now.} Kd7 69. Nf4 Bb1 70. Nh3 (70. f6 $142 Bc2 71. Ne6 Ke8 72. Nc7+ {[%mdl 64] Double Attack} Kf8 73. Ne6+ Ke8 74. Nc7+ {[%mdl 64] Double Attack} Kf7 75. Nxb5) 70... Bc2 71. Ng5 Bb1 72. Nf7 Ke7 73. Nd6 Bd3 74. Kd5 Kd7 75. f6 Be2 76. Ne4 Bd1 77. Ke5 Be2 78. Ng5 Bc4 79. Nh7 Ke8 80. Kd6 {White mates.} Kf7 81. Ng5+ Kg6 {[#]} 82. f7 $1 {[%mdl 512]} Bxf7 83. Nxf7 Kf5 84. Kc6 Ke4 85. Kxb5 {Accuracy: White = 66%, Black = 46%.} 1-0